population | mun/city |
1,660,714 | Manila | | 95.7% | 2,679,450 | Quezon City | | 85.2% | 798,804 | Cebu City | | 84.5% | 1,363,337 | Davao City | | 82.7% | 1,378,856 | Caloocan City | | 65.3% | 510,383 | Makati City | | 65.2% | 617,301 | Pasig City | | 62.8% | 403,064 | Pasay City | | 58.9% | 301,926 | Baguio City | | 57.9% | 774,407 | Zamboanga City | | 56.8% | 613,343 | Taguig City | | 56.7% | 418,710 | Iloilo City | | 55.8% | 552,660 | Parañaque City | | 53.3% | 633,971 | Antipolo City | | 51.7% | 568,928 | Valenzuela City | | 51.1% | 499,497 | Bacolod City | | 50% | 553,966 | Cagayan de Oro City | | 49.8% | 532,330 | Las Piñas City | | 49.7% | 424,610 | Marikina City | | 49.6% | 295,231 | Batangas City | | 49.1% | 529,542 | General Santos City | | 49% | 452,943 | Muntinlupa City | | 48.2% | 269,365 | San Fernando, Pampanga | | 45.5% | 314,493 | Angeles City | | 44% | 305,576 | Mandaluyong City | | 41.8% | 556,330 | Dasmarinas, Cavite | | 40.4% | 217,199 | Tacloban City | | 39.3% | 314,155 | Tarlac City | | 39.1% | 363,381 | Malabon City | | 39.1% | 160,516 | Naga City | | 38.5% | 245,344 | Navotas City | | 38% | 179,481 | Legazpi City | | 37.8% | 210,508 | Puerto Princesa City | | 37.4% | 441,197 | Bacoor, Cavite | | 36.4% |
|
population | mun/city |
360,281 | Calamba, Laguna | | 36% | 266,943 | Sta. Rosa, Laguna | | 34.1% | 292,530 | Lapu-Lapu City | | 33.9% | 260,568 | Lipa City | | 33.1% | 236,390 | Lucena City | | 31.1% | 281,808 | San Pedro, Laguna | | 30.4% | 439,090 | San Jose del Monte, Bulacan | | 30.2% | 227,270 | Olongapo City | | 30.1% | 298,378 | Butuan City | | 30% | 308,046 | Iligan City | | 29.9% | 318,575 | Mandaue City | | 29.3% | 223,069 | Malolos, Bulacan | | 28.9% | 262,735 | Biñan, Laguna | | 28.7% | 253,158 | Imus, Cavite | | 28.7% | 259,153 | Cotabato City | | 28.3% | 147,738 | Roxas City | | 28% | 289,838 | Cainta, Rizal | | 27.6% | 237,259 | San Pablo City | | 27.5% | 262,495 | Taytay, Rizal | | 27% | 177,391 | Marawi City | | 27% | 259,267 | Cabanatuan City | | 26.5% | 129,529 | Tuguegarao City | | 25.5% | 149,554 | Dagupan City | | 24.6% | 177,524 | Ormoc City | | 23.4% | 215,967 | Tagum, Davao del Norte | | 22.2% | 132,151 | Surigao City | | 22.2% | 161,884 | San Carlos, Pangasinan | | 21.5% | 151,454 | Sorsogon City | | 21.1% | 126,244 | Santiago, Isabela | | 19.6% | 145,514 | Digos, Davao del Sur | | 19.2% | 223,594 | Rodriguez, Rizal | | 19.1% | 179,359 | Talisay, Cebu | | 18.8% | 162,745 | Valencia, Bukidnon | | 18.8% | 184,860 | San Mateo, Rizal | | 18.7% |
|
population | mun/city |
131,213 | Ilagan, Isabela | | 18.6% | 218,387 | Gen. Trias, Cavite | | 18.3% | 196,569 | Meycauayan, Bulacan | | 18.2% | 140,307 | Jolo, Sulu | | 17.9% | 205,258 | Santa Maria, Bulacan | | 17.6% | 141,298 | Mexico, Pampanga | | 16.5% | 161,312 | Pagadian City | | 16.3% | 144,065 | Malaybalay, Bukidnon | | 16% | 152,960 | Toledo, Cebu | | 15% | 163,657 | Calbayog, Samar | | 14.6% | 150,750 | Cadiz, Negros Occidental | | 14.2% | 149,622 | Koronadal City | | 14.2% | 203,307 | Mabalacat, Pampanga | | 13.8% | 159,933 | Bago, Negros Occidental | | 13.8% | 138,839 | San Miguel, Bulacan | | 13.8% | 238,931 | Binangonan, Rizal | | 13.7% | 205,376 | Cabuyao, Laguna | | 13.7% | 199,825 | Silang, Cavite | | 13.6% | 152,537 | Tanauan, Batangas | | 13.5% | 160,452 | Marilao, Bulacan | | 12.4% | 171,795 | Tanza, Cavite | | 12% | 166,970 | Kabankalan, Negros Occidental | | 11.5% | 136,982 | Baliuag, Bulacan | | 10.6% | 154,329 | Panabo, Davao del Norte | | 10.1% | 135,213 | Concepcion, Tarlac | | 8.5% | 136,613 | Gen. Mariano Alvarez, Cavite | | 8.2% | 129,809 | San Carlos, Negros Occidental | | 8% | 126,329 | Hagonoy, Bulacan | | 7.6% | 140,511 | Sagay, Negros Occidental | | 7.5% | 143,058 | Lubao, Pampanga | | 6.8% | 128,248 | Sariaya, Quezon | | 6.7% | 131,436 | Polomolok, South Cotabato | | 5.9% |
|
Comments